000
00289nam a2200133Ia 4500
100
_a
Novikov/ I.
942
_c
BK
654
_a
metals
245
_a
Theory of eat treatment of metals
260
_b
Mir Publishers
_a
Moscow
_c
1978
082
_a
671.36
300
_a
435
546
_a
ENGLISH
999
_c
22068
_d
22068